000 00631nam a2200157 a 4500
001 000048373
005 20201002061115.0
008 190213s2016 dr a r 000 0 spa d
040 _aDO-SdBNP
_bspa
_cBNPHU
082 _axxx
_bT233m
100 1 _aTaveras Vargas, Josefina
_975787
245 1 0 _aManual práctico para la prevención e intervención con niños y niñas que presentan dificultad en el aprendizaje :
_bun aporte a la psicopedagogía /
_cMa. Josefina Taveras Vargas.
260 _aSan Francisco de Macorís, República Dominicana :
_bRinosa,
_c2016.
300 _a94 p. :
_bil. ;
_c29 cm.
590 _aInventariado, 2019 / DG
999 _c47861
_d47861